000 00600nam a22002057a 4500
999 _c196797
_d196797
005 20230727155651.0
008 090225t xxu||||| |||| 00| 1 eng d
010 _aENG-137630
020 _c580.00
_a9789392080166
035 _aEN-121162
037 _bDBAD/PUB
040 _aDPL
_bEnglish
082 _a581
100 _929133
_aSiddiqui, K.A.
245 _aA Text Book of Botany/
_bby K.A. Siddiqui
260 _aDelhi
_bKitab Mahal
_c2022
270 _a4655/21, Ansari Road, Daryaganj, Delhi-110002
_bDelhi
300 _a266p.
_c23cm (pbk)
942 _2ddc
_cEN
_mSID
_h581